header

Army science and technology for homeland security. (Record no. 41566)

MARC details
000 -LEADER
fixed length control field 01773nam a2200349Ia 4500
245 10 - TITLE STATEMENT
Title Army science and technology for homeland security.
260 ## - PUBLICATION, DISTRIBUTION, ETC. (IMPRINT)
Place of publication Washington, D.C. :
Name of publisher National Academies Press,
Year of publication c2004.
300 ## - PHYSICAL DESCRIPTION
Number of Pages xxi, 147 p. :
Other physical details ill.
500 ## - GENERAL NOTE
General note Succeeds "Science and technology for army homeland security. Report 1" (ISBN 0309087015).
650 #0 - SUBJECT ADDED ENTRY--TOPICAL TERM
Topical Term National security
Topical Term Military research
Topical Term Civil defense
Topical Term Combat survivability (Military engineering)
856 40 - ELECTRONIC LOCATION AND ACCESS
Uniform Resource Identifier http://site.ebrary.com/lib/rucke/Doc?id=10068421

No items available.

© 2026 Rongo University
Contact us: librarian | system librarian | Rongo university